000 00594nam a2200229 a 4500
001 000025894
003 DO-SdBNP
005 20211026110503.0
007 ta
008 090930s1990 dr a r 000 0 spa d
040 _aDO-SdBNP
_bspa
_cBNPHU
082 4 _222
_bC334e
100 1 _aCasado, Lucio
_96670
245 1 0 _aPrincipios de economía /
_cLucio Casado.
250 _a3a ed.
260 _aSanto Domingo :
_bRex,
_c1990.
300 _a342 p. :
_bil. ;
_c23 cm.
504 _aBibliográficas : p. 227-228
590 _aInventariado, 2020/BT
910 _aBtavárez
942 _2ddc
_cLBS1
999 _c25386
_d25386